ARRUPE JESUIT UNIVERSITY

CORONAVIRUS -STOP THE SPREAD - CLEAN,DISINFECT,COVER

Modern Western political thought (Record no. 93927)

MARC details
000 -LEADER
fixed length control field 00657nam a2200265Ia 4500
003 - CONTROL NUMBER IDENTIFIER
control field 0100
008 - FIXED-LENGTH DATA ELEMENTS--GENERAL INFORMATION
fixed length control field 130307s9999 xx 000 0 und d
020 ## - INTERNATIONAL STANDARD BOOK NUMBER
International Standard Book Number 0226288501
040 ## - CATALOGING SOURCE
Transcribing agency ARRUPELIB
050 ## - LIBRARY OF CONGRESS CALL NUMBER
Classification number JA83.G45 1972
300 ## - PHYSICAL DESCRIPTION
Other physical details 401 p. 24 cm.
100 ## - MAIN ENTRY--PERSONAL NAME
Personal name Germino, Dante L
245 ## - TITLE STATEMENT
Title Modern Western political thought
245 ## - TITLE STATEMENT
Remainder of title Machiavelli to Marx
260 ## - PUBLICATION, DISTRIBUTION, ETC. (IMPRINT)
Place of publication, distribution, etc Chicago
260 ## - PUBLICATION, DISTRIBUTION, ETC. (IMPRINT)
Name of publisher, distributor, etc Rand McNally
260 ## - PUBLICATION, DISTRIBUTION, ETC. (IMPRINT)
Date of publication, distribution, etc 1972
300 ## - PHYSICAL DESCRIPTION
Extent xiii
440 ## - SERIES STATEMENT/ADDED ENTRY--TITLE
Title Rand McNally political science series
650 ## - SUBJECT ADDED ENTRY--TOPICAL TERM
Topical term or geographic name as entry element POLITICAL SCIENCE
650 ## - SUBJECT ADDED ENTRY--TOPICAL TERM
Topical term following geographic name as entry element Whole & parts (Philosophy)
650 ## - SUBJECT ADDED ENTRY--TOPICAL TERM
Location of event Infinite
650 ## - SUBJECT ADDED ENTRY--TOPICAL TERM
Active dates Phenomenology
942 00 - ADDED ENTRY ELEMENTS (KOHA)
Koha issues (borrowed), all copies 3
Holdings
Withdrawn status Lost status Source of classification or shelving scheme Damaged status Not for loan Collection code Home library Current library Shelving location Date acquired Total Checkouts Full call number Barcode Date last seen Date checked out Copy number Price effective from Koha item type
    Library of Congress Classification     Main Collection ARRUPE LIBRARY ARRUPE LIBRARY   07/03/2013 4 JA83.G45 1972 46003074710 21/06/2018 28/09/2017 1 07/03/2013 Monograph ( Printed materials)

 

Arrupe Library. PO Box MP320 Mt Pleasant, Harare, Zimbabwe
263 242 745411|librarian@aju.ac.zw